لہر لہر ند يا گہر ی (Record no. 171085)

MARC details
000 -LEADER
fixed length control field 00584nam a22001937a 4500
005 - DATE AND TIME OF LATEST TRANSACTION
control field 20200106131737.0
010 ## - LCCN (DPL NO)
LC control number 543668
020 ## - INTERNATIONAL STANDARD BOOK NUMBER
Terms of availability 3.00
International Standard Book Number -
035 ## - SYSTEM CONTROL NUMBER
System control number 543668
037 ## - SOURCE OF ACQUISITION
Source of stock number/acquisition DBAD/PUB
Stock number -
082 ## - DEWEY DECIMAL CLASSIFICATION NUMBER
Classification number 841
100 ## - MAIN ENTRY--PERSONAL NAME
Personal name ز بير ر ضو ی
245 ## - TITLE STATEMENT
Title لہر لہر ند يا گہر ی
Statement of responsibility, etc ز بير ر ضو ی
246 ## - VARYING FORM OF TITLE
Remainder of title Lehar Lehar Nadia Gehri (Urdu)
Title proper/short title by Zuber Rizvi
260 ## - PUBLICATION, DISTRIBUTION, ETC. (IMPRINT)
Place of publication, distribution, etc Delhi
Name of publisher, distributor, etc Maktaba Saba
Date of publication, distribution, etc 1957 ء
270 ## - ADDRESS
Address Maktaba Saba Turakman Gate,
City Delhi
Postal code 6
Telephone number -
Fax number -
300 ## - PHYSICAL DESCRIPTION
Extent 144 ص
Dimensions 22 Cm(Hb)
942 ## - ADDED ENTRY ELEMENTS (KOHA)
Source of classification or shelving scheme Dewey Decimal Classification
Item type Urdu Bks
Classification part 841
Call number suffix ر ض و
Holdings
Withdrawn status Lost status Not for loan Collection code Home library Current library Date acquired Source of acquisition Cost, normal purchase price Full call number Barcode Copy number Cost, replacement price Koha item type
      Non-fiction Central Library Central Library 06/01/2020 BPPD/Ven. 3.00 841 ر ض و 543668 1 3.00 Urdu Bks

© Delhi Public Library
Hit Counter
free hit counter